| 000 | 00346 a2200157 4500 | ||
|---|---|---|---|
| 001 | 48885 | ||
| 020 | _a978-85-7238-396-7 | ||
| 040 | _cAnchieta - Bela Vista | ||
| 100 | _aCorgozinho, Lilian | ||
| 240 | 1 | 0 |
_aSer gente é bom _lpor |
| 245 | 1 | 0 | _aSer gente é bom |
| 300 | _a12 | ||
| 362 | 0 | _a2009 | |
| 650 | 4 | _aLiteratura infantil | |
| 942 | _cBK | ||
| 999 |
_c48885 _d48885 |
||